000 00731nam a2200253Ia 4500
003 OSt
005 20220926011832.0
006 a|||||r|||| 00| 0
007 ta
008 220923b |||||||| |||| 00| 0 eng d
020 _a0814454151
037 _cGeneral Book
040 _aRTL
_cRTL
_beng
041 _2eng
_aeng
082 _aX:770gT, L6
100 _aKillian Ray A
_9242964
245 0 _aHuman resource management
_b A roi approach
260 _aNew York
_bAMACOM USA
_c1976
300 _aviii, 232p.
_ccm.
490 _aAmerican Management Association, Publication
650 _aEconomic Development
_917300
942 _hX:770gT, L6
_cGB
_2CC
999 _c621107
_d621107